Construcción de una microturbina eólica
La energía eólica está siendo aprovechada principalmente en los sistemas de bombeo de agua para riego y para abrevadero de ganado por medio de Aerobombas de mecate y aeromotores solucionando en parte los problemas del sector agrícola, el cual constituye uno de los actores principales de la produ...
| Main Authors: | , |
|---|---|
| Other Authors: | |
| Format: | Tesis Section = Libro |
| Language: | Undetermined Spanish |
| Published: |
Managua
UNI
2006
|
| Subjects: |
| LEADER | 01067nam a2200253Ia 4500 | ||
|---|---|---|---|
| 008 | 240830s9999 xx 000 0 und d | ||
| 040 | |a BIBLIOTECA-RUPAP Mon 621.406 S211 | ||
| 041 | |a spa | ||
| 082 | |a Mon 621.406 S211 | ||
| 100 | 1 | |a Sánchez Nicaragua, Carlos Emilio | |
| 100 | 1 | |b Vílchez Zúniga, Daniel de Jesús | |
| 245 | 1 | 0 | |a Construcción de una microturbina eólica |
| 260 | |a Managua |b UNI |c 2006 | ||
| 300 | |a 167 p. :il. | ||
| 500 | |a Contiene: anexos. | ||
| 502 | |a Tesis (Ingeniero Mecánico)- UNI, 2006. | ||
| 520 | 3 | |a La energía eólica está siendo aprovechada principalmente en los sistemas de bombeo de agua para riego y para abrevadero de ganado por medio de Aerobombas de mecate y aeromotores solucionando en parte los problemas del sector agrícola, el cual constituye uno de los actores principales de la producción. | |
| 650 | 7 | |a CONSTRUCCIÓN DE TURBINAS | |
| 650 | 7 | |b TURBINA EÓLICA | |
| 650 | 7 | |c ENERGÍA EÓLICA-NICARAGUA | |
| 700 | 1 | |a Tutor: |b Zeas Zelaya, Jerónimo | |
| 942 | |c BK |2 ddc | ||
| 991 | |a TESIS | ||
| 999 | |c 15771 | ||